000 00291nam a22001337a 4500
008 170918b xxu||||| |||| 00| 0 eng d
020 _a9780895774460
041 _aeng
080 _a7
100 _a44
101 _aART
245 _aTRADITIONAL NEEDLEPOINT
_cRUSSELLS,B
942 _2udc
_cBK
999 _c28099
_d28099